UBT Library

Teaching strategies for students with mild to moderate disabilities / (Record no. 41640)

000 -LEADER
fixed length control field 00964cam a22002774a 4500
001 - CONTROL NUMBER
control field 14316790
005 - DATE AND TIME OF LATEST TRANSACTION
control field 20180202071708.0
008 - FIXED-LENGTH DATA ELEMENTS--GENERAL INFORMATION
fixed length control field 060327s2007 maua b 001 0 eng
010 ## - LIBRARY OF CONGRESS CONTROL NUMBER
LC control number 2006044536
020 ## - INTERNATIONAL STANDARD BOOK NUMBER
International Standard Book Number 0205404030 (pbk.)
020 ## - INTERNATIONAL STANDARD BOOK NUMBER
International Standard Book Number 9780205404032
035 ## - SYSTEM CONTROL NUMBER
System control number (OCoLC)ocm65521609
035 ## - SYSTEM CONTROL NUMBER
System control number (OCoLC)65521609
040 ## - CATALOGING SOURCE
Original cataloging agency DLC
Transcribing agency DLC
Modifying agency BAKER
-- C#P
-- YDXCP
-- OCLCQ
-- DLC
041 ## - LANGUAGE CODE
Language code of text/sound track or separate title eng
042 ## - AUTHENTICATION CODE
Authentication code pcc
080 ## - UNIVERSAL DECIMAL CLASSIFICATION NUMBER
Universal Decimal Classification number 371.9043 PRA
082 00 - DEWEY DECIMAL CLASSIFICATION NUMBER
Classification number 371.9043 PRA
Edition number 22
100 1# - Rafti
Rafti 47
101 ## - Shkurtesa
Shkurtesa EDU
245 10 - TITLE STATEMENT
Title Teaching strategies for students with mild to moderate disabilities /
Statement of responsibility, etc Mary Anne Prater.
504 ## - BIBLIOGRAPHY, ETC. NOTE
Bibliography, etc Includes bibliographical references (p. 497-527) and index.
906 ## - LOCAL DATA ELEMENT F, LDF (RLIN)
a 7
b cbc
c orignew
d 1
e ocip
f 20
g y-gencatlg
942 ## - ADDED ENTRY ELEMENTS (KOHA)
Source of classification or shelving scheme
Item type Books
Holdings
Withdrawn status Lost status Source of classification or shelving scheme Damaged status Not for loan Collection code Permanent location Current location Shelving location Date acquired Total Checkouts Full call number Barcode Date last seen Price effective from Koha item type
          Koleksioni i përgjithshem UBT - Lipjan UBT - Lipjan Koleksioni i përgjithshem 02/02/2018   371.9043 PRA 002-2997495 02/02/2018 02/02/2018 Books
UBT Library © 2015-2024. All rights reserved University Education for Business and Technology